Abrupt cut detection based on mutual information and motion prediction

Nové technológie v multimédiách. Videá, zostrihy, šoty. Abrupt cut detection založený na vzájomnej informácii. Výsledky experimentu.

Na minha lista:
Detalhes bibliográficos
Autor principal: Krulikovská, Lenka
Outros Autores: Pavlovič, Juraj, Polec, Jaroslav, Černeková, Zuzana
Formato: Capítulo de Livro
Idioma:inglês
Assuntos:
Tags: Adicionar Tag
Sem tags, seja o primeiro a adicionar uma tag!

MARC

LEADER 00000naa$a2200000$$$4500
001 0121949
005 20240502083313.3
041 0 |a eng 
044 |a HR 
245 1 0 |a Abrupt cut detection based on mutual information and motion prediction  |c Lenka Krulikovská, Juraj Pavlovič, Jaroslav Polec, Zuzana Černeková 
520 |a Nové technológie v multimédiách. Videá, zostrihy, šoty. Abrupt cut detection založený na vzájomnej informácii. Výsledky experimentu. 
610 2 0 |a multimédiá 
610 2 0 |a technológie nové 
610 2 0 |a experimenty 
100 1 |a Krulikovská, Lenka 
700 1 |a Pavlovič, Juraj 
700 1 |a Polec, Jaroslav 
700 1 |a Černeková, Zuzana